000
00312nam a2200145Ia 4500
100
_a
Gupta/ S.C.
942
_c
BK
366
_f
10
654
_a
Practical Statistics
245
_a
Practical Statistics
260
_b
Himalaya pub.house
_a
Bombay
_c
1992
082
_a
519.5
300
_a
1066
546
_a
ENGLISH
999
_c
33151
_d
33151